Logo CIB grande

Fundamentos de inversiones (Registro nro. 229858)

Detalles MARC
000 -LEADER
campo de control de longitud fija 00764nam a2200265Ia 4500
005 - FECHA Y HORA DE LA ÚLTIMA TRANSACCIÓN
campo de control 20250425162452.0
008 - DATOS DE LONGITUD FIJA--INFORMACIÓN GENERAL
campo de control de longitud fija 250425s9999 xx 000 0 und d
020 ## - NÚMERO INTERNACIONAL ESTÁNDAR DEL LIBRO
Número Internacional Estándar del Libro 7989702615149
041 ## - CÓDIGO DE IDIOMA
Código de lengua del texto/banda sonora o título independiente spa
082 ## - NÚMERO DE LA CLASIFICACIÓN DECIMAL DEWEY
Número de clasificación 332.6
Iniciales del Autor GITf
010 ## - NÚMERO DE CONTROL DE LA BIBLIOTECA DEL CONGRESO
Número de control de LC 76312
100 ## - ENTRADA PRINCIPAL--NOMBRE DE PERSONA
Nombre de persona Gitman, Lawrence J.
245 #0 - MENCIÓN DEL TÍTULO
Título Fundamentos de inversiones
Mención de responsabilidad, etc. Lawrence J. Gitman; Michael Joehnk.
250 ## - MENCION DE EDICION
Mención de edición 10a.ed.
260 ## - PUBLICACIÓN, DISTRIBUCIÓN, ETC.
Lugar de publicación, distribución, etc. México
Nombre del editor, distribuidor, etc. PEARSON EDUCACION
Fecha de publicación, distribución, etc. 2009.
300 ## - DESCRIPCIÓN FÍSICA
Extensión 720 p.
Otras características físicas Tablas
Dimensiones 21x27 cm.
500 ## - NOTA GENERAL
Nota general Donado: Clermont Muñoz
500 ## - NOTA GENERAL
Nota general Traducción: Fundamentals of investing
650 ## - PUNTO DE ACCESO ADICIONAL DE MATERIA--TÉRMINO DE MATERIA
Término de materia o nombre geográfico como elemento de entrada Administración
650 ## - PUNTO DE ACCESO ADICIONAL DE MATERIA--TÉRMINO DE MATERIA
Término de materia o nombre geográfico como elemento de entrada Economía
650 ## - PUNTO DE ACCESO ADICIONAL DE MATERIA--TÉRMINO DE MATERIA
Término de materia o nombre geográfico como elemento de entrada Inversiones
700 ## - ENTRADA AGREGADA--NOMBRE PERSONAL
Nombre de persona Sánchez Carrión, Miguel Angel
Término indicativo de función/relación traductor
710 ## - ENTRADA AGREGADA--NOMBRE DE ENTIDAD CORPORATIVA
Nombre de entidad corporativa o nombre de jurisdicción como elemento de entrada PEARSON EDUCACION
942 ## - ELEMENTOS DE ENTRADA SECUNDARIOS (KOHA)
Tipo de ítem Koha Libros
Existencias
Estatus retirado Estado de pérdida Estado de daño No para préstamo Biblioteca de origen Biblioteca actual Fecha de adquisición Coste, precio normal de compra Total de préstamos Código de barras Copia número Nota pública Ubicación en estantería Etiqueta RFID Visto por última vez Fecha del último préstamo Tipo de ítem Koha
        CENTRO DE INFORMACIÓN BIBLIOTECARIA CENTRO DE INFORMACIÓN BIBLIOTECARIA 14/01/2011 38.00 3 54718 1     0000000000000000002350 27/10/2025 27/10/2025 Libros
        ESCUELA DE NEGOCIOS ESCUELA DE NEGOCIOS 10/02/2023 10.00   D-P14973 2 Donado          

Copyright 2025 ESPOL. Todos los derechos reservados.